000 01340cam a22003497a 4500
003 CHAP
005 20220329142040.0
008 990423d1995 mx r 00110 spa d
010 _a77594
011 _a78566
020 _a9686914307
035 _a88566
040 _cCHAP
082 0 4 _a327.7808
_bA7
100 0 0 _aArriaga Weiss, Víctor A.
_ecomp.
_97477
245 1 0 _aEstados Unidos desde América Latina :
_bsociedad, política y cultura
_c/comp. por Víctor R. Arriaga Weiss y Ana Rosa Suárez Arguello
260 _aMéxico, D.F. :
_bCentro de Investigaciones y Docencia Económicas,
_c1995.
300 _a406 p.
590 _aBATCH-UPD
_b10
_c20130110
_lUCH01
_h0804
590 _aBATCH-UPD
_b10
_c20130410
_lUCH01
_h0442
590 _aBATCH-UPD
_b10
_c20130914
_lUCH01
_h0402
590 _aBATCH-UPD
_b10
_c20130914
_lUCH01
_h2015
590 _aCONVERSION
_b10
_c20130109
_lUCH01
_h1343
650 1 4 _aE.U.A.
_xRelaciones exteriores
_xAmérica Latina.
_934847
650 1 4 _aMéxico
_xRelaciones exteriores
_xE.U.A.
_976792
700 0 _aSuárez Argüello, Ana Rosa.
_9110674
901 _aBK
905 _aMayto Villalobos S.
942 _cLIBRO
949 _a327.7808 A7
_bBC
_cLIBRO
_d33724000713756
_eLIBRO
_gI. c/e
_h93572
_i88566
_sb
_t$50.00
949 _a327.7808 A7
_bBC
_cLIBRO
_d33724000754776
_eLIBRO
_fc.2
_gI. c/e
_h96032
_i88566
_si
_t$40.00
999 _c77594
_d77594